| 000 | 00441nam a2200157 i 4500 | ||
|---|---|---|---|
| 001 | 35612 | ||
| 003 | ES-MaACL | ||
| 007 | t| | ||
| 008 | 030213q19301940sp ||||1| spa d | ||
| 100 | 1 |
_aBosch Labrús, Luis C. _930659 |
|
| 245 | 1 | 0 |
_aAlmas gemelas _b: (novela) / _cLuis C. Bosch Labrús. |
| 250 | _a2ª ed. | ||
| 260 |
_aMadrid : _bEdiciones Literarias, _c1930-1940? |
||
| 300 |
_a306 p. ; _c20 cm. |
||
| 852 |
_aES-MaACL _jB-9485 _bR.18452 |
||
| 999 |
_c35612 _d35612 |
||